| 000 | 00868nam a22002297a 4500 | ||
|---|---|---|---|
| 005 | 20240530110354.0 | ||
| 008 | 150105s2008 ua g 000 0 ara d | ||
| 017 |
_a1664/99 _bمصر . دار الكتب المصرية |
||
| 020 | _a9775727332 | ||
| 040 | _aEG-CaGPL | ||
| 041 | 0 | _aara | |
| 082 | 0 | 4 |
_221 _a494.35\ _bا ق |
| 100 | 0 | _aالصفصافى احمد المرسى | |
| 245 | 1 | 0 |
_aقواعد اللغة العثمانية و التركية / _cالصفصافى احمد المرسى |
| 250 | _aط 2 | ||
| 260 |
_aالقاهرة : _bدار الافاق العربية ، _c2008 |
||
| 300 |
_a524 ص ؛ _c24 سم |
||
| 650 | 0 | 4 |
_aاللغة التركية _xقواعد الاملاء والهجاء |
| 650 | 0 | 4 |
_aاللغة العثمانية _xقواعد الاملاء والهجاء |
| 942 |
_2ddc _cBK |
||
| 999 |
_c60140 _d60140 |
||